[Event "Mechanics' Summer TNM; 30/90, SD/30"]
[Site "San Francisco"]
[Date "2009.06.30"]
[Round "6.32"]
[White "Mar, Henry"]
[Black "Star, Spencer"]
[Result "1-0"]
[WhiteElo "1500"]
[BlackElo "1123"]
[PlyCount "55"]
[EventDate "2009.??.??"]

1. e4 d5 2. exd5 Qxd5 3. Nc3 Qd6 4. d4 Nf6 5. Nf3 a6 6. Be2 Nc6 7. O-O e5 $2 8.
dxe5 Nxe5 9. Bg5 $6 {0.34} ({White missed this nice little combination.} 9.
Nxe5 Qxe5 10. Bb5+ axb5 11. Re1 Qe7 12. Rxe7+ Bxe7 13. Nxb5 O-O {2.13}) 9...
Be7 10. Qe1 O-O 11. Rd1 Qe6 12. Nd4 {This is the challenge of the Scandinavian:
the queen can be pushed around and, if Black isn't precise, she can end up on
a very poor square. 0.29} Qb6 13. Nb3 Be6 14. Be3 c5 15. Na4 Qc7 16. Naxc5 Bg4
$6 (16... Bxb3 17. Nxb3 Neg4 18. Bxg4 Nxg4 $11) 17. f3 Bf5 18. Bd3 Nxd3 19.
cxd3 Rfe8 20. Qf2 Nd7 (20... Bd6) 21. Rc1 Nxc5 22. Nxc5 Rac8 23. Nxa6 Qd6 {
... Qa5 attacking the a2-pawn and the knight is better.} 24. Nc5 Bxd3 $4 {
Game losing move. +3.05} (24... Qd5 25. b3 h6 26. Rfd1 Bd6 27. d4 b6 {+0.77})
25. Rfd1 Qg6 26. Nxd3 Red8 27. Nf4 Qa6 28. a3 {+3.83} 1-0

[Event "Mechanics' Spring TNM; 30/90, SD/30"]
[Site "San Francisco"]
[Date "2009.05.05"]
[Round "8.25"]
[White "Mar, Henry"]
[Black "Star, Spencer"]
[Result "1-0"]
[WhiteElo "1500"]
[BlackElo "1097"]
[PlyCount "81"]
[EventDate "2009.??.??"]

1. e4 d5 2. exd5 Qxd5 3. Nc3 Qd6 4. d4 Nf6 5. h3 a6 6. Nf3 Nc6 7. Be2 Bf5 8. a3
O-O-O 9. Be3 e5 10. dxe5 Nxe5 11. Qxd6 Bxd6 12. Nd4 Bg6 13. O-O h6 14. b4 Rhe8
15. Rac1 Bf8 16. Na4 Nd5 17. c4 Nxe3 18. fxe3 Nd3 19. Bxd3 Bxd3 20. Rfe1 g5 21.
Nc5 Bg6 22. Nf3 b6 23. Nxa6 Kb7 24. b5 Bxa3 25. Rc3 Bb2 26. Rb3 Bg7 27. c5 Bf8
28. c6+ Kc8 29. Ra1 Rd3 30. Nc5 Kd8 31. Ra8+ Ke7 32. Rxe8+ Kxe8 33. Nxd3 f6 34.
Nd4 Bf7 35. Rb1 Bc4 36. Nf2 Bc5 37. Ne4 Be7 38. Ra1 Kf7 39. Ra7 Bd5 40. Nc3 Bd6
41. Nxd5 1-0

[Event "Mechanics' Fall TNM; 30/90, SD/30"]
[Site "San Francisco"]
[Date "2009.12.08"]
[Round "8.6"]
[White "Margulis, Igor"]
[Black "Afkham-Ebrahimi, Payam"]
[Result "1-0"]
[WhiteElo "2100"]
[BlackElo "1913"]
[PlyCount "33"]
[EventDate "2009.??.??"]

1. e4 c6 2. d3 d5 3. Nd2 e5 4. Ngf3 Bg4 5. h3 Bxf3 6. Qxf3 Nf6 7. g4 g6 8. Bg2
d4 9. O-O Nbd7 10. Qg3 h5 11. Nc4 hxg4 12. hxg4 Qc7 13. f4 O-O-O 14. fxe5 b5
15. Nd6+ Bxd6 16. exd6 Qb6 17. Bg5 1-0

[Event "Mechanics' Spring TNM; 30/90, SD/30"]
[Site "San Francisco"]
[Date "2009.03.17"]
[Round "2"]
[White "Margulis, Igor"]
[Black "Askin, Michael"]
[Result "1-0"]
[WhiteElo "2112"]
[BlackElo "1731"]
[PlyCount "67"]
[EventDate "2009.??.??"]

1. e4 c5 2. g3 Nc6 3. Bg2 Nf6 4. f4 d6 5. d3 g6 6. Nf3 Bg7 7. O-O Bd7 8. h3 Qb6
9. Kh2 Qc7 10. a4 c4 11. Na3 Na5 12. Bd2 cxd3 13. cxd3 Qb6 14. b4 Nc6 15. a5
Qd8 16. Nc4 Rc8 17. b5 Nb8 18. Qb3 Nxe4 19. dxe4 Bxa1 20. Rxa1 Be6 21. Qb2 f6
22. Ne3 Nd7 23. Nd4 Bf7 24. a6 b6 25. Nc6 Qc7 26. Rc1 Nc5 27. Qa3 O-O 28. Nd5
Bxd5 29. exd5 Rce8 30. Rd1 e5 31. dxe6 Nxe6 32. Bd5 Qd7 33. Nd4 Kg7 34. Nxe6+
1-0

[Event "Mechanics' Winter TNM; 30/90, SD/30"]
[Site "San Francisco"]
[Date "2009.02.17"]
[Round "7.2"]
[White "Margulis, Igor"]
[Black "Bambou, Christophe"]
[Result "1-0"]
[WhiteElo "2150"]
[BlackElo "2035"]
[PlyCount "85"]
[EventDate "2009.??.??"]

1. e4 e6 2. Nf3 d5 3. e5 c5 4. b4 d4 5. bxc5 Bxc5 6. Bb5+ Bd7 7. Qe2 Ne7 8. O-O
Nbc6 9. Ng5 Qb6 10. Bd3 Ng6 11. f4 Nb4 12. Na3 Nxd3 13. cxd3 Bc6 14. Nc4 Qd8
15. Ne4 Bxe4 16. Qxe4 Qd7 17. a4 O-O 18. Ba3 Bxa3 19. Rxa3 f6 20. exf6 Rxf6 21.
g3 Raf8 22. Rb3 b6 23. Rb5 Rf5 24. Re1 Rxb5 25. axb5 Re8 26. Qc6 Re7 27. h4
Qxc6 28. bxc6 Rc7 29. Rxe6 Kf7 30. Rd6 Ke7 31. h5 Nf8 32. Rxd4 Rxc6 33. Kf2 b5
34. Re4+ Kf6 35. Ne3 Rd6 36. Re5 Rxd3 37. Ke2 Rb3 38. Nd5+ Kf7 39. Re7+ Kg8 40.
Rxa7 Rxg3 41. Ne7+ Kh8 42. Ra8 g6 43. h6 1-0

[Event "Mechanics' Fall TNM; 30/90, SD/30"]
[Site "San Francisco"]
[Date "2009.10.20"]
[Round "1.5"]
[White "Margulis, Igor"]
[Black "Beilin, Allan"]
[Result "1-0"]
[WhiteElo "2100"]
[BlackElo "1715"]
[PlyCount "34"]
[EventDate "2009.??.??"]

1. e4 e6 2. Qe2 d6 3. d4 e5 4. Nf3 Nc6 5. d5 Nce7 6. c4 g6 7. Nc3 Bg7 8. Qc2
Nf6 9. b4 O-O 10. a4 Nh5 11. Bd3 f5 12. O-O Bd7 13. Re1 f4 14. a5 Bh6 15. Nd2
g5 16. Na4 Nc8 17. b5 g4 {remainder illegible} 1-0

[Event "Mechanics' Wilkerson Mem TNM; 30/90, SD"]
[Site "San Francisco"]
[Date "2009.08.04"]
[Round "2.5"]
[White "Margulis, Igor"]
[Black "Dembling, Arthur"]
[Result "1-0"]
[WhiteElo "2115"]
[BlackElo "1733"]
[PlyCount "93"]
[EventDate "2009.??.??"]

1. e4 e6 2. Nf3 d5 3. e5 c5 4. b4 Qb6 5. bxc5 Bxc5 6. d4 Bb4+ 7. c3 Be7 8. Bd3
Bd7 9. a4 a6 10. O-O Nc6 11. Ng5 Qd8 12. f4 Nh6 13. Nxh7 g6 14. Ng5 Qc7 15. Ba3
O-O-O 16. Rf2 Rdf8 17. g3 Nf5 18. Nd2 Bxa3 19. Rxa3 Na5 20. Qe2 Nxd4 21. Qe3
Qc5 22. Nb1 Ndb3 23. Re2 Kb8 24. Qxc5 Nxc5 25. Bc2 Nc4 26. Ra1 Rh5 27. Nd2 Nxd2
28. Rxd2 Kc7 29. Rd4 Kd8 30. c4 Bc6 31. Rc1 Ke7 32. cxd5 Bxd5 33. Bd1 Rxg5 34.
Rxc5 Rxg3+ 35. hxg3 Rh8 36. Rc7+ Kd8 37. Rxf7 Rh1+ 38. Kf2 Rh2+ 39. Ke3 Rg2 40.
Bf3 Rxg3 41. Rxd5+ exd5 42. Rxb7 d4+ 43. Kf2 Rh3 44. e6 Rh2+ 45. Bg2 Ke8 46.
Kg3 Rh5 47. Bc6+ 1-0

[Event "Mechanics' Fall TNM; 30/90, SD/30"]
[Site "San Francisco"]
[Date "2009.11.24"]
[Round "6.10"]
[White "Margulis, Igor"]
[Black "Drane, Robert"]
[Result "1/2-1/2"]
[WhiteElo "2100"]
[BlackElo "1861"]
[PlyCount "64"]
[EventDate "2009.??.??"]

1. e4 Nf6 2. Nc3 d5 3. e5 Ne4 4. Nce2 d4 5. Nf3 Nc6 6. d3 Nc5 7. h3 g6 8. Bf4
Bg7 9. Qd2 Ne6 10. Bh6 Bxh6 11. Qxh6 Qd5 12. c4 Qc5 13. g3 Nxe5 14. Nxe5 Qxe5
15. Qd2 Bd7 16. Bg2 Bc6 17. Bxc6+ bxc6 18. O-O O-O 19. Rfe1 Qd6 20. h4 f5 21.
Nf4 Nxf4 22. Qxf4 Qxf4 23. gxf4 Kf7 24. Re5 Rab8 25. b3 Rb6 26. Ra5 Ra8 27. Re1
a6 28. Kg2 e6 29. Kg3 Kf6 30. Re2 h5 31. Re1 Kf7 32. Re2 Kf6 1/2-1/2

[Event "Mechanics' Wilkerson Mem TNM; 30/90, SD"]
[Site "San Francisco"]
[Date "2009.09.22"]
[Round "8.6"]
[White "Margulis, Igor"]
[Black "Gaffagan, Steven"]
[Result "1-0"]
[WhiteElo "2115"]
[BlackElo "2026"]
[PlyCount "120"]
[EventDate "2009.??.??"]

1. e4 c5 2. f4 d5 3. exd5 Nf6 4. Bb5+ Nbd7 5. c4 g6 6. Nc3 Bg7 7. Nf3 O-O 8.
Bxd7 Bxd7 9. O-O e6 10. dxe6 Bxe6 11. d3 Bf5 12. Ne5 Nd7 13. Nxd7 Qxd7 14. Nd5
Rfe8 15. Qf3 b5 16. Be3 Rac8 17. Qf2 Rxe3 18. Qxe3 Be6 19. Qe4 Bxb2 20. Rab1
Bd4+ 21. Qxd4 cxd4 22. Nf6+ Kf8 23. Nxd7+ Bxd7 24. cxb5 Rc3 25. a4 Ra3 26. Rb4
Rxd3 27. a5 Rd2 28. Rc1 Bf5 29. b6 axb6 30. axb6 Be4 31. b7 Rxg2+ 32. Kf1 Bxb7
33. Rxb7 Rxh2 34. Rc8+ Kg7 35. Rcc7 Kf6 36. Rxf7+ Ke6 37. Rxh7 Ra2 38. Rb5 d3
39. Re5+ Kf6 40. Ke1 Rg2 41. Rd7 g5 42. Rxg5 Re2+ 43. Kd1 Rf2 44. Rxd3 Rf1+ 45.
Kd2 Rxf4 46. Rb5 Rh4 47. Rd6+ Ke7 48. Ra6 Kd7 49. Rb7+ Kc8 50. Rg7 Rh2+ 51. Ke3
Rh3+ 52. Kf4 Kb8 53. Rf6 Rh8 54. Rff7 Rd8 55. Rb7+ Ka8 56. Ra7+ Kb8 57. Rgb7+
Kc8 58. Ra8+ Kxb7 59. Rxd8 Kc7 60. Rd1 Kc6 1-0

[Event "Mechanics' Summer TNM; 30/90, SD/30"]
[Site "San Francisco"]
[Date "2009.06.30"]
[Round "6.4"]
[White "Margulis, Igor"]
[Black "Goins, Demetrius"]
[Result "0-1"]
[WhiteElo "2115"]
[BlackElo "2001"]
[PlyCount "74"]
[EventDate "2009.??.??"]

1. e4 c5 2. g3 Nc6 3. Bg2 d6 4. Ne2 g6 5. d4 cxd4 6. Nxd4 Bg7 7. Ne2 Nf6 8.
Nbc3 O-O 9. O-O h6 10. b3 Bg4 11. Bb2 Rc8 12. h3 Bxe2 13. Qxe2 Nd4 14. Qd2 e5
15. Rac1 Qa5 16. Rfd1 Rxc3 17. Bxc3 Qxc3 18. Qxc3 Ne2+ 19. Kf1 Nxc3 20. Rxd6
Rc8 21. Re1 Kf8 22. a4 Ke7 23. Rd2 h5 24. f4 Bh6 25. Rd3 h4 26. Rf3 Nfxe4 27.
Rxc3 Nxc3 28. Rxe5+ Kd6 29. Bxb7 Rc7 30. Re3 Rxb7 31. Rxc3 hxg3 32. f5 Bf4 33.
fxg6 fxg6 34. Rc4 Ke5 35. Kg2 Rd7 36. Kf3 g5 37. Re4+ Kf5 0-1

[Event "Mechanics' Fall TNM; 30/90, SD/30"]
[Site "San Francisco"]
[Date "2009.11.03"]
[Round "3.5"]
[White "Margulis, Igor"]
[Black "Grey, Peter"]
[Result "1-0"]
[WhiteElo "2100"]
[BlackElo "2007"]
[PlyCount "69"]
[EventDate "2009.??.??"]

1. e4 d5 2. exd5 Qxd5 3. Nf3 Bg4 4. Be2 Nc6 5. O-O O-O-O 6. h3 Bh5 7. Nc3 Qa5
8. d3 e5 9. Bd2 Bxf3 10. Bxf3 Nd4 11. Bg4+ f5 12. Ne2 Qc5 13. Nxd4 exd4 14. b4
Qe5 15. Re1 Qf6 16. Bf3 Bd6 17. Qc1 Ne7 18. Bg5 Qf7 19. Qa3 Kb8 20. Qa5 c6 21.
b5 c5 22. Re2 Rd7 23. Rae1 h6 24. Bxe7 Rxe7 25. Rxe7 Bxe7 26. Bd5 Qf6 27. Re6
Bd8 28. Rxf6 Bxa5 29. Rf7 Bc7 30. Rxg7 Re8 31. Rg8 Rxg8 32. Bxg8 a6 33. bxa6 b5
34. Be6 f4 35. Bd7 1-0

[Event "Mechanics' Fall TNM; 30/90, SD/30"]
[Site "San Francisco"]
[Date "2009.12.15"]
[Round "9.5"]
[White "Margulis, Igor"]
[Black "Jones, James"]
[Result "0-1"]
[WhiteElo "2100"]
[BlackElo "2043"]
[Annotator "Donaldson"]
[PlyCount "64"]
[EventDate "2009.??.??"]

1. e4 c5 2. Nc3 Nc6 3. Bb5 Nd4 4. Bc4 Nf6 5. d3 d6 6. Nge2 e5 7. Nxd4 cxd4 8.
Nd5 Nxd5 9. Bxd5 Be7 10. O-O O-O 11. Qh5 Bd7 12. Bxb7 Rb8 13. Bd5 Qc8 14. Qe2
Be6 15. Bb3 f5 16. f4 fxe4 17. Qxe4 Bxb3 18. axb3 Qxc2 19. Rxa7 Bf6 20. Rd7
Rxb3 21. Rxd6 exf4 22. Rc6 Qxd3 23. Qe6+ Kh8 24. Rc8 Rb8 25. Rxb8 Rxb8 26. Bxf4
Rd8 27. Bc7 Rf8 28. Bd6 Qa6 29. h3 $2 h6 ({Zeitnot!} 29... Be7 $1) 30. Qd5 $4
Rd8 $1 31. Rxf6 gxf6 32. Qh5 Qxd6 0-1

[Event "Mechanics' Winter TNM; 30/90, SD/30"]
[Site "San Francisco"]
[Date "2009.01.20"]
[Round "3.3"]
[White "Margulis, Igor"]
[Black "Manvelyan, Hovik"]
[Result "1/2-1/2"]
[WhiteElo "2150"]
[BlackElo "1878"]
[PlyCount "54"]
[EventDate "2009.??.??"]

1. e4 e6 2. Nf3 d5 3. e5 c5 4. b4 Bd7 5. bxc5 Bxc5 6. d4 Bb4+ 7. c3 Ba5 8. Bd3
Qb6 9. O-O Bb5 10. Na3 Bxd3 11. Qxd3 a6 12. c4 Nc6 13. Rb1 Qc7 14. cxd5 exd5
15. e6 fxe6 16. Ng5 Nd8 17. Qh3 Nf6 18. Nxe6 Qd7 19. Nxd8 Rxd8 20. Qe3+ Kf7 21.
Nc2 Rhe8 22. Qb3 Re7 23. Ne3 Bc7 24. Ba3 Re6 25. Qxb7 Rb8 26. Qxb8 Bxb8 27.
Rxb8 Qa4 1/2-1/2

[Event "Mechanics' Spring TNM; 30/90, SD/30"]
[Site "San Francisco"]
[Date "2009.04.14"]
[Round "5.6"]
[White "Margulis, Igor"]
[Black "Periwal, Prashant"]
[Result "1/2-1/2"]
[WhiteElo "2112"]
[BlackElo "1860"]
[PlyCount "84"]
[EventDate "2009.??.??"]

1. e4 c5 2. g3 d5 3. exd5 Qxd5 4. Nf3 Bg4 5. Bg2 Qe4+ 6. Kf1 Nd7 7. h3 Bh5 8.
Nc3 Qc6 9. d4 cxd4 10. Nxd4 Qc4+ 11. Qd3 Qxd3+ 12. cxd3 O-O-O 13. Be3 e5 14.
Nf5 Bg6 15. g4 Bxf5 16. gxf5 Nc5 17. Nd5 Kb8 18. Ke2 Ne7 19. Nxe7 Bxe7 20. Rhd1
Rd7 21. Rac1 b6 22. d4 exd4 23. Bxd4 f6 24. Be3 Rhd8 25. Rxd7 Rxd7 26. b4 Nb7
27. Bc6 Rc7 28. b5 Bd6 29. Rd1 Be5 30. Rd3 Re7 31. Rd5 Nd6 32. Kd3 Nxf5 33. Bd2
Nd4 34. Rxd4 Bxd4 35. Kxd4 Re2 36. Be3 Rxa2 37. Kd5 Rc2 38. Ke6 a5 39. Kf7 a4
40. Kxg7 a3 41. Kxh7 Re2 42. Bd4 a2 1/2-1/2

[Event "Mechanics' Wilkerson Mem TNM; 30/90, SD"]
[Site "San Francisco"]
[Date "2009.08.18"]
[Round "3.2"]
[White "Margulis, Igor"]
[Black "Sanguinetti, George"]
[Result "1-0"]
[WhiteElo "2115"]
[BlackElo "2003"]
[PlyCount "122"]
[EventDate "2009.??.??"]

1. e4 e5 2. Bc4 Nf6 3. Nc3 Nxe4 4. Qh5 Nd6 5. Qxe5+ Qe7 6. Qxe7+ Bxe7 7. Bb3
O-O 8. Nf3 b6 9. O-O Bb7 10. Nd5 Bxd5 11. Bxd5 c6 12. Bb3 c5 13. c3 Nc6 14. d3
Rfe8 15. Bf4 h6 16. Rfe1 g5 17. Rxe7 Rxe7 18. Bxd6 Re2 19. d4 Rae8 20. Ne5 Nxe5
21. dxe5 Rxb2 22. f4 g4 23. Re1 Rc8 24. Bd5 h5 25. f5 Re8 26. Re3 Kg7 27. h3 f6
28. hxg4 hxg4 29. Rg3 fxe5 30. Rxg4+ Kf6 31. Be4 Rd2 32. Rg6+ Kf7 33. c4 Rg8
34. Rxg8 Rxd6 35. Ra8 Rd1+ 36. Kh2 Kf6 37. Rxa7 Rd4 38. Bd5 Kxf5 39. Rxd7 Kf4
40. Rf7+ Ke3 41. Rb7 Kf2 42. Rf7+ Ke3 43. Rf3+ Ke2 44. Rb3 e4 45. Rxb6 e3 46.
Bf3+ Kd3 47. Rb3+ Kd2 48. Rb2+ Kc3 49. Re2 Kd3 50. a4 Rxc4 51. Ra2 Rh4+ 52. Kg3
Rh7 53. a5 c4 54. a6 Ra7 55. Be2+ Kc3 56. Ra4 Kd2 57. Bxc4 Kc3 58. Kf3 Kd4 59.
-- {move missing} Kc5 60. Kxe3 Re7+ 61. Kf2 Rf7+ {score ends} 1-0

[Event "Mechanics' Spring TNM; 30/90, SD/30"]
[Site "San Francisco"]
[Date "2009.03.31"]
[Round "3.2"]
[White "Margulis, Igor"]
[Black "Sanguinetti, George"]
[Result "1/2-1/2"]
[WhiteElo "2112"]
[BlackElo "2010"]
[PlyCount "44"]
[EventDate "2009.??.??"]

1. e4 Nf6 2. e5 Nd5 3. Nc3 Nxc3 4. dxc3 d6 5. Nf3 Bg4 6. Bc4 e6 7. h3 Bh5 8.
Bf4 Nc6 9. Bb5 a6 10. Bxc6+ bxc6 11. Qe2 Bxf3 12. Qxf3 d5 13. O-O Be7 14. Qg3
g6 15. Bh6 Bf8 16. Qe3 Qe7 17. Rfe1 Bxh6 18. Qxh6 Qf8 19. Qf4 Qe7 20. Qh6 Qf8
21. Qe3 Qe7 22. Qh6 Qf8 1/2-1/2

[Event "Mechanics' Winter TNM; 30/90, SD/30"]
[Site "San Francisco"]
[Date "2009.01.06"]
[Round "1.3"]
[White "Margulis, Igor"]
[Black "Sherwood, Peter"]
[Result "1-0"]
[WhiteElo "2150"]
[BlackElo "1709"]
[PlyCount "45"]
[EventDate "2009.??.??"]

1. e4 c5 2. Nf3 d6 3. d4 cxd4 4. Qxd4 Nc6 5. Bb5 Bd7 6. Bxc6 Bxc6 7. Nc3 Nf6 8.
Bg5 Qc7 9. O-O-O O-O-O 10. Qxa7 Nxe4 11. Nxe4 Bxe4 12. Qa8+ Qb8 13. Qa4 Bc6 14.
Qg4+ Kc7 15. Rhe1 f6 16. Nd4 Bd7 17. Qg3 fxg5 18. Qc3+ Bc6 19. Ne6+ Kd7 20. Qh3
Ke8 21. Nxf8 Kxf8 22. Qf5+ Ke8 23. Rxe7+ 1-0

[Event "Mechanics' Winter TNM; 30/90, SD/30"]
[Site "San Francisco"]
[Date "2009.02.03"]
[Round "5.2"]
[White "Margulis, Igor"]
[Black "Traub, Igor"]
[Result "1-0"]
[WhiteElo "2150"]
[BlackElo "2027"]
[PlyCount "54"]
[EventDate "2009.??.??"]

1. e4 d5 2. exd5 Nf6 3. Nf3 Nxd5 4. d4 g6 5. c4 Nb6 6. Nc3 Bg7 7. Be2 O-O 8.
O-O Nc6 9. Be3 e5 10. dxe5 Nxe5 11. Nxe5 Bxe5 12. Qxd8 Rxd8 13. c5 Nd5 14. Nxd5
Rxd5 15. Bf3 Rd8 16. Rad1 Re8 17. Rfe1 c6 18. Bf4 f6 19. Bxe5 fxe5 20. h4 a5
21. h5 a4 22. hxg6 hxg6 23. Rd6 Kf7 24. Be4 Be6 25. Re3 Rg8 26. Bc2 Bxa2 27.
Rg3 Ra5 {scoresheet indecipherable at this point 1-0 in 45 moves} 1-0

[Event "Mechanics' Spring TNM; 30/90, SD/30"]
[Site "San Francisco"]
[Date "2009.04.07"]
[Round "4.19"]
[White "Matz, James"]
[Black "Askin, Michael"]
[Result "1-0"]
[WhiteElo "1781"]
[BlackElo "1731"]
[PlyCount "73"]
[EventDate "2009.??.??"]

1. Nf3 d6 2. d3 e5 3. Nbd2 f5 4. e4 Nf6 5. g3 Be7 6. Bg2 O-O 7. c3 Nc6 8. Qb3+
Kh8 9. Ng5 Qe8 10. Ne6 Bxe6 11. Qxe6 Nh5 12. exf5 Nd8 13. Qc4 c6 14. Bh3 d5 15.
Qa4 Nf6 16. O-O Qh5 17. Kg2 Qe2 18. d4 Ng4 19. Nf3 Qe4 20. Bxg4 Qxg4 21. Nxe5
Qxf5 22. Qd1 Nf7 23. Nxf7+ Rxf7 24. Bf4 g5 25. Be5+ Bf6 26. Bxf6+ Rxf6 27. Qd2
Raf8 28. Rae1 Rh6 29. f3 Rhf6 30. Re5 Qg6 31. Rxg5 Qh6 32. Rf2 Re8 33. f4 Rfe6
34. Re5 Kg7 35. Rfe2 Qg6 36. Qe3 Kf7 37. f5 1-0

[Event "Mechanics' Winter TNM; 30/90, SD/30"]
[Site "San Francisco"]
[Date "2009.01.06"]
[Round "1.21"]
[White "Matz, James"]
[Black "Capdeville, Barry"]
[Result "1-0"]
[WhiteElo "1746"]
[BlackElo "1253"]
[PlyCount "35"]
[EventDate "2009.??.??"]

1. Nf3 Nf6 2. g3 b6 3. Bg2 Bb7 4. O-O d5 5. d4 e6 6. Nbd2 Be7 7. c4 c6 8. cxd5
cxd5 9. Ne5 O-O 10. Ndf3 Ne4 11. Bf4 Nd7 12. Rc1 Rc8 13. Qa4 Ndf6 14. Qxa7 Rxc1
15. Rxc1 Nd6 16. Nd3 Nd7 17. Bxd6 Bxd6 18. Qxb7 1-0

[Event "Mechanics' Spring TNM; 30/90, SD/30"]
[Site "San Francisco"]
[Date "2009.04.21"]
[Round "6.10"]
[White "Matz, James"]
[Black "Chirila, Sergiu"]
[Result "1-0"]
[WhiteElo "1781"]
[BlackElo "1932"]
[PlyCount "53"]
[EventDate "2009.??.??"]

1. Nf3 d5 2. d3 Nf6 3. g3 c5 4. Bg2 Nc6 5. Nbd2 e5 6. O-O Bd6 7. e4 d4 8. Nc4
b5 9. Nxd6+ Qxd6 10. Nh4 O-O 11. f4 Ng4 12. Qe2 f6 13. f5 Ne3 14. Bxe3 dxe3 15.
Qxe3 Nb4 16. Qe2 Qd4+ 17. Qf2 Qxb2 18. Qxc5 Nxc2 19. Qd5+ Kh8 20. Qxa8 Qd4+ 21.
Kh1 Nxa1 22. Rc1 Nc2 23. Qc6 Nb4 24. Qxc8 Rg8 25. Ng6+ hxg6 26. fxg6 f5 27.
Qxg8+ 1-0

[Event "Mechanics' Winter TNM; 30/90, SD/30"]
[Site "San Francisco"]
[Date "2009.01.20"]
[Round "3.10"]
[White "Matz, James"]
[Black "Fuentes, Romulo"]
[Result "1/2-1/2"]
[WhiteElo "1746"]
[BlackElo "2082"]
[PlyCount "61"]
[EventDate "2009.??.??"]

1. Nf3 c5 2. g3 Nc6 3. Bg2 e5 4. d3 d5 5. Nbd2 Be6 6. e4 d4 7. O-O Qd7 8. Ng5
Bg4 9. f3 Bh5 10. a4 h6 11. Nh3 g5 12. g4 Bg6 13. Nc4 f6 14. f4 gxf4 15. Bxf4
exf4 16. Nxf4 Bf7 17. Qe2 Ne5 18. Nd5 Bxd5 19. exd5 Bd6 20. Be4 Nxc4 21. dxc4
Kd8 22. Rae1 Be5 23. Bf5 Qd6 24. Be6 Kc7 25. Qd2 Rd8 26. Rb1 h5 27. g5 fxg5 28.
Rf7+ Ne7 29. b4 cxb4 30. Rxb4 Bf4 31. Qe2 {
remainder illegible; drawn in 49 moves} 1/2-1/2

[Event "Mechanics' Winter TNM; 30/90, SD/30"]
[Site "San Francisco"]
[Date "2009.02.10"]
[Round "6.16"]
[White "Matz, James"]
[Black "Somerville, Kenneth"]
[Result "1-0"]
[WhiteElo "1746"]
[BlackElo "1602"]
[PlyCount "59"]
[EventDate "2009.??.??"]

1. Nf3 d5 2. g3 Nf6 3. Bg2 c6 4. d3 Nbd7 5. Nbd2 e5 6. e4 Bd6 7. O-O O-O 8. b3
Qc7 9. Bb2 Re8 10. Nh4 Nb6 11. Nf5 Bxf5 12. exf5 Rad8 13. g4 e4 14. g5 Bxh2+
15. Kh1 Nfd7 16. Qh5 Be5 17. d4 Bf4 18. Rad1 Bxd2 19. Rxd2 Qf4 20. Re2 Qxf5 21.
Re3 Nf6 22. Qh4 Qg4 23. Qh2 Qxg5 24. Rg3 Qh5 25. Bh3 Rd6 26. Ba3 Rdd8 27. Qg2
g6 28. Kg1 e3 29. Rxe3 Rxe3 30. fxe3 {The scoresheets of both players
disintegrate here.Black is much better but White won.} 1-0

[Event "Mechanics' Summer TNM; 30/90, SD/30"]
[Site "San Francisco"]
[Date "2009.07.07"]
[Round "7.19"]
[White "Milliken, William"]
[Black "Adkins, Rico"]
[Result "0-1"]
[WhiteElo "1702"]
[BlackElo "1694"]
[PlyCount "47"]
[EventDate "2009.??.??"]

1. e4 d5 2. exd5 Qxd5 3. Nc3 Qa5 4. d4 Nf6 5. Nf3 c6 6. Be2 g6 7. O-O Bg7 8.
Re1 O-O 9. Bc4 Qb4 10. Ne5 Nbd7 11. a3 Qd6 12. Bf4 Nh5 13. Nxg6 Nxf4 14. Nxe7+
Kh8 15. Nf5 Qg6 16. Ng3 Nb6 17. Bb3 Be6 18. Bxe6 Nxe6 19. d5 Rad8 20. d6 Nc4
21. Nce4 Nxb2 22. Qf3 f5 23. Nc3 Ng5 24. Qe3 0-1

[Event "Mechanics' Winter TNM; 30/90, SD/30"]
[Site "San Francisco"]
[Date "2009.02.17"]
[Round "7.14"]
[White "Milliken, William"]
[Black "Grey, Peter"]
[Result "0-1"]
[WhiteElo "1657"]
[BlackElo "2000"]
[PlyCount "110"]
[EventDate "2009.??.??"]

1. e4 c5 2. d4 cxd4 3. c3 Nf6 4. e5 Nd5 5. Nf3 e6 6. Bc4 Nb6 7. Bb3 dxc3 8.
Nxc3 d5 9. exd6 Bxd6 10. O-O O-O 11. Nb5 Be7 12. Qc2 Na6 13. Rd1 Bd7 14. Bf4
Qc8 15. Nc7 Nxc7 16. Qxc7 Qxc7 17. Bxc7 Bc6 18. Nd4 Bd5 19. Bxd5 Nxd5 20. Be5
a6 21. Rac1 Rac8 22. Nf3 Rfd8 23. Kf1 Kf8 24. Ke2 f6 25. Bg3 Rxc1 26. Rxc1 e5
27. a3 Kf7 28. Nd2 Rd7 29. h3 Rc7 30. Rxc7 Nxc7 31. f4 exf4 32. Bxf4 Nd5 33.
Bg3 Ke6 34. Kf3 b5 35. Bh2 Bd6 36. Bxd6 Kxd6 37. Ke4 Ne7 38. g4 g6 39. b4 Nc6
40. Nb3 Ne5 41. Nc5 Nc4 42. Nxa6 Nxa3 43. Nc5 Nc2 44. Nd3 Kc6 45. h4 Kd6 46. h5
Kc6 47. h6 Kd6 48. Nf4 g5 49. Nd5 Ke6 50. Nc7+ Kf7 51. Nxb5 Kg6 52. Nd4 Nxb4
53. Nf5 Nc6 54. Kd5 Ne5 55. Ne7+ Kf7 0-1

[Event "Mechanics' Spring TNM; 30/90, SD/30"]
[Site "San Francisco"]
[Date "2009.03.17"]
[Round "2"]
[White "Milliken, William"]
[Black "Manvelyan, Hayk"]
[Result "0-1"]
[WhiteElo "1692"]
[BlackElo "2035"]
[PlyCount "62"]
[EventDate "2009.??.??"]

1. e4 e6 2. d4 d5 3. Nc3 Bb4 4. e5 c5 5. a3 Bxc3+ 6. bxc3 Ne7 7. Nf3 Qa5 8. Qd2
Nbc6 9. a4 Bd7 10. Be2 O-O 11. O-O f6 12. exf6 Rxf6 13. Ba3 c4 14. Ne5 Be8 15.
Bg4 Nf5 16. Bc5 Qc7 17. a5 Nxa5 18. Qe2 b6 19. Ba3 Nc6 20. Rfe1 a5 21. Bc1 Nxe5
22. Qxe5 Qxe5 23. Rxe5 Bd7 24. Bg5 Rff8 25. Rae1 g6 26. Bh3 Rfb8 27. g4 Nd6 28.
Bf4 Rf8 29. Bh6 Nf7 30. Bxf8 Nxe5 31. Bd6 $4 Nf3+ 0-1

[Event "Mechanics' Winter TNM; 30/90, SD/30"]
[Site "San Francisco"]
[Date "2009.01.20"]
[Round "3.12"]
[White "Milliken, William"]
[Black "Naroditsky, Alan"]
[Result "0-1"]
[WhiteElo "1657"]
[BlackElo "2052"]
[PlyCount "68"]
[EventDate "2009.??.??"]

1. e4 c5 2. d4 cxd4 3. c3 Nf6 4. e5 Nd5 5. Bc4 Nb6 6. Bb3 d5 7. exd6 Qxd6 8.
cxd4 Nc6 9. Be3 Bf5 10. Nc3 Nb4 11. Nf3 Nd3+ 12. Ke2 e6 13. Nh4 Nf4+ 14. Bxf4
Qxf4 15. Nxf5 Qxf5 16. Qd3 Qxd3+ 17. Kxd3 O-O-O 18. Rhd1 Be7 19. Rac1 Kb8 20.
Ke4 Bf6 21. f4 Rd7 22. Rd3 Rhd8 23. Rcd1 a6 24. a4 Rc7 25. Rc1 Nc4 26. Rc2 Nd6+
27. Kf3 Nf5 28. d5 Nd4+ 29. Rxd4 Bxd4 30. dxe6 fxe6 31. Bxe6 Bxc3 32. Rxc3
Rxc3+ 33. bxc3 Rd3+ 34. Ke4 Rxc3 0-1

[Event "Mechanics' Summer TNM; 30/90, SD/30"]
[Site "San Francisco"]
[Date "2009.06.25"]
[Round "5.14"]
[White "Milliken, William"]
[Black "Periwal, Prashant"]
[Result "0-1"]
[WhiteElo "1702"]
[BlackElo "1855"]
[PlyCount "28"]
[EventDate "2009.??.??"]

1. e4 c5 2. d4 cxd4 3. c3 d5 4. exd5 Qxd5 5. cxd4 Nc6 6. Nf3 e5 7. dxe5 Qxd1+
8. Kxd1 Bg4 9. Bb5 O-O-O+ 10. Ke2 Bxf3+ 11. gxf3 Nd4+ 12. Ke3 Nxb5 13. Bd2 Bc5+
14. Ke2 Nd4+ 0-1

[Event "Mechanics' Spring TNM; 30/90, SD/30"]
[Site "San Francisco"]
[Date "2009.05.05"]
[Round "8.12"]
[White "Milliken, William"]
[Black "Ramachandran, Jayakrishnan"]
[Result "0-1"]
[WhiteElo "1692"]
[BlackElo "1829"]
[PlyCount "58"]
[EventDate "2009.??.??"]

1. e4 e5 2. Nf3 Nc6 3. d4 exd4 4. Nxd4 d6 5. Bc4 Nf6 6. Nc3 Be7 7. O-O O-O 8.
Be3 Ne5 9. Be2 c5 10. Nf5 Be6 11. b3 Bxf5 12. exf5 d5 13. Bg5 d4 14. Bxf6 Bxf6
15. Ne4 Qe7 16. f4 Ng4 17. Nxf6+ Nxf6 18. g4 Qe3+ 19. Kg2 Nd5 20. Rf3 Nxf4+ 21.
Kf1 Qe5 22. f6 Nd5 23. fxg7 Rfe8 24. Qd3 Nf4 25. Rxf4 Qxf4+ 26. Kg2 Re3 27. Rf1
Qxf1+ 28. Bxf1 Rxd3 29. Bxd3 Kxg7 0-1